| 000 | 00638nam a2200181 a 4500 | ||
|---|---|---|---|
| 001 | 000044585 | ||
| 005 | 20201002045459.0 | ||
| 008 | 140718s2011 bl ab 000 0 spa d | ||
| 020 | _a9788578160746 | ||
| 040 |
_aDO-SdBNP _bspa _cBNPHU |
||
| 082 |
_axxxx _bxxxx |
||
| 100 | 1 |
_aKeating, Vallandro, _d1962- _972614 |
|
| 245 | 1 | 0 |
_aDiário de navegacao : _bPero Lopes e a expedição de Martim Afonso de Sousa, 1530-1532 / _cVallandro Keating e Ricardo Maranhão. |
| 260 |
_aSão Paulo, Brazil : _bTerceiro Nome, _c2011. |
||
| 300 |
_a244 p. : _bil., mapas ; _c26. |
||
| 504 | _aBibliografía : p. 243-244 | ||
| 700 | 1 | 2 |
_aMaranhão, Ricardo _972615 |
| 999 |
_c44074 _d44074 |
||